000 01059nam a2200229 i 4500
001 181836
003 ES-MaACL
005 20230906221451.0
008 130408s1883 sp |||| | spa d
100 1 _aRibera y Sans, José,
_d1852-1912
_9131774
245 1 0 _aGénesis, complicaciones y terapéutica de los hidroceles ; Diagnóstico diferencial de los tumores del abdomen /
_cpor José Ribera y Sans.
246 3 _aDiagnóstico diferencial de los tumores del abdomen
260 _aMadrid :
_b[s.n.],
_c1883 (
_fAdministración de la Revista de Medicina y Cirugía Prácticas)
300 _a201 p. ;
_c22 cm.
490 1 _aBiblioteca económica de la Revista de medicina y cirugía prácticas
594 _aEn port.: Memorias premiadas por la Academia Médico-Quirúrgica de Madrid.
650 4 _aHidrocele.
_9152587
650 4 _aAbdomen-
_xTumores.
_9152588
830 1 _aBiblioteca económica de la Revista de medicina y cirugía prácticas
_9182251
852 _aES-MaACL
_jB-12713(2)
_z- Enc. en un vol. facticio
999 _c181836
_d181836